01515nam a22002057a 450000500170000000800410001702000180005804000070007604100120008308200210009510000170011624500600013326000440019330000260023736500520026352009480031565000130126365000140127670000190129020240702112119.0240625b ||||| |||| 00| 0 eng d a9789389305432 cAL aEnglish 223a153.42bLOWP aUlf Lowenhav aPower of Active Thinking: How to Improve Your Decisions aAhmedabadbJaico Publishing Housec2019 a198 p.bPBc22x14 cm. a593b₹280.00c₹d₹350.00e20%f03-05-2024 aEnhancing consciousness in decision-making How can decisions be improved by detecting and managing inherent weaknesses? This book analyses the practical implications of behavioural economics among decision makers to encourage active creative thinking and drive individuals and organizations to make better decisions. Going beyond behavioural economics, this book uses psychology, philosophy and anthropology to demonstrate the myths which govern behaviour, our natural longing for inclusion and the power held by those setting the agenda in our vicinity. This book enables active thinking and encourages individuals to be a useful asset to their companies by using System 2 thinking—deliberate, slow and controlled thinking to steer the corporate ship in line with the corporate purpose. In order to succeed, you need to be resilient, get your bearings and never give in. In short, you need to be a contrarian, a sternly resilient contrarian aThinking aSelf-Help aLOWENHAV (Ulf)